Countries Visiting Dominican Republic the Most - Statistics

General Stats
  • This quiz has been taken 488 times
  • The average score is 9 of 11
Answer Stats
Visitors Visitor Country % Correct
111,095 Puerto Rico
100%
2,073,963 United States
100%
827,721 Canada
95%
177,993 Spain
92%
177,534 United Kingdom
92%
221,492 France
91%
265,709 Germany
88%
103,444 Colombia
75%
182,170 Argentina
65%
245,346 Russia
64%
109,734 Venezuela
60%
No matching quizzes found
Score Distribution
Percent of People with Each Score
Percentile by Number Answered
Your Score History
You have not taken this quiz